000 00228nam a22001097a 4500
003 OSt
008 241211b |||||||| |||| 00| 0 eng d
041 _aeng
100 _aKumaranashan, N
_96476
245 _aDuravastha
942 _cBK
999 _c18442
_d18442